000 00439nam a2200181Ia 4500
001 10654
005 20260306161848.0
008 260306t2020||||xx |||||||||||||| ||spa||
041 _aESP
082 _a946.03
_bT48
100 _aThomas, Hugh
_eAUT
245 0 _aEl imperio español:
_bde Colón a Magallanes
260 _c2020
300 _axi, 840 páginas :
_c23 cm.
650 _aGEN
654 _aCHU
942 _cLIB
_dJUS
_fJUS
_2ddc
_n
999 _c10654
_d10654